[Event "C.to Sociale Alfieri"]
[Site "Torino ITA"]
[Date "2009.10.10"]
[Round "1"]
[White "Ranieri, Fabrizio"]
[Black "Zunino, Davide"]
[Result "1-0"]
[WhiteElo "2264"]
[BlackElo "2003"]
[PlyCount "61"]
[EventDate "2009.10.10"]

1. e4 e5 2. Nf3 Nc6 3. Bc4 Nf6 4. d3 Bc5 5. a3 d5 6. exd5 Nxd5 7. b4 Bb6 8. h3
O-O 9. O-O a5 10. b5 Nce7 11. Bb2 f6 12. Re1 Kh8 13. d4 exd4 14. Bxd4 c6 15.
Nc3 c5 16. Nxd5 Nxd5 17. Bxc5 Bxc5 18. Qxd5 Qc7 19. Bd3 Bd7 20. Qh5 g6 21. Bxg6
Bxb5 22. Rab1 Ba6 23. Bxh7 Qxh7 24. Qxc5 Rac8 25. Qxa5 Rxc2 26. Rb4 Rc4 27.
Rxc4 Bxc4 28. Qc5 Qf7 29. Re7 Qd5 30. Qe3 Qh5 31. Re4 1-0

[Event "C.to Sociale Alfieri"]
[Site "Torino ITA"]
[Date "2009.10.10"]
[Round "1"]
[White "Sorcinelli, Francesco"]
[Black "Giacomasso, Enrico"]
[Result "1-0"]
[WhiteElo "2187"]
[BlackElo "2012"]
[PlyCount "57"]
[EventDate "2009.10.10"]

1. e4 c5 2. Nf3 d6 3. c3 Nf6 4. h3 Nc6 5. d4 cxd4 6. cxd4 Bd7 7. Nc3 e6 8. Bd3
Be7 9. O-O O-O 10. Be3 Re8 11. Rc1 a6 12. Bb1 b5 13. e5 Nd5 14. Nxd5 exd5 15.
Rxc6 Bxc6 16. Qc2 g6 17. Qxc6 dxe5 18. dxe5 Qa5 19. Qxd5 Red8 20. Qb7 Re8 21.
Qd5 Rad8 22. Qb3 Qc7 23. Rc1 Qd7 24. Be4 Rc8 25. Rxc8 Rxc8 26. Bd5 Qf5 27. g4
Qb1+ 28. Kg2 Rd8 29. Ng5 1-0

[Event "C.to Sociale Alfieri"]
[Site "Torino ITA"]
[Date "2009.10.10"]
[Round "1"]
[White "Topczewski, Damian"]
[Black "Moncelli, Giorgio"]
[Result "1-0"]
[WhiteElo "2126"]
[BlackElo "2071"]
[PlyCount "61"]
[EventDate "2009.10.10"]

1. e4 e5 2. Nf3 Nf6 3. d4 Nxe4 4. Bd3 d5 5. Nxe5 Nd7 6. O-O Bd6 7. Nd2 O-O 8.
Nxe4 dxe4 9. Bxe4 Nxe5 10. dxe5 Bxe5 11. Bxh7+ Kxh7 12. Qh5+ Kg8 13. Qxe5 Re8
14. Qh5 Qf6 15. c3 Bf5 16. Be3 Re4 17. h3 Bg6 18. Qb5 b6 19. Rad1 Rae8 20. Rd7
R4e7 21. Rxc7 Bd3 22. Qxd3 Rxc7 23. Rd1 Qe6 24. a3 Ree7 25. Qd8+ Kh7 26. Rd4
Rcd7 27. Rh4+ Kg6 28. Qg8 Rd1+ 29. Kh2 Re8 30. Rh6+ Kf5 31. g4+ 1-0

[Event "C.to Sociale Alfieri"]
[Site "Torino ITA"]
[Date "2009.10.11"]
[Round "2"]
[White "Giacomasso, Enrico"]
[Black "Topczewski, Damian"]
[Result "0-1"]
[WhiteElo "2012"]
[BlackElo "2126"]
[PlyCount "110"]
[EventDate "2009.10.10"]

1. e4 c5 2. Nf3 Nc6 3. d4 cxd4 4. Nxd4 Nf6 5. Nc3 d6 6. Be2 g6 7. O-O Bg7 8.
Be3 O-O 9. Qd2 Re8 10. Rad1 Bg4 11. h3 Bxe2 12. Qxe2 Qa5 13. f4 a6 14. g4 Qb4
15. g5 Nxe4 16. Nd5 Qxb2 17. Nxc6 bxc6 18. Bc1 Qxa2 19. Qxe4 cxd5 20. Rxd5 Rac8
21. f5 Qxc2 22. Qxc2 Rxc2 23. f6 Bf8 24. fxe7 Rxe7 25. Bf4 Ree2 26. Ra5 Rg2+
27. Kh1 Rgf2 28. Rxf2 Rxf2 29. Bg3 Rf5 30. Rxa6 Rxg5 31. Kh2 Rf5 32. Ra8 Kg7
33. Be1 Be7 34. Kg2 Bf6 35. Bd2 Be5 36. Rd8 Kf6 37. Re8 h5 38. h4 Kg7 39. Rd8
Bf6 40. Rxd6 Bxh4 41. Bc3+ Bf6 42. Bd2 g5 43. Ra6 Rc5 44. Bb4 Rc4 45. Ba3 g4
46. Ra8 h4 47. Bf8+ Kg6 48. Ra6 Rc2+ 49. Kg1 Rc1+ 50. Kg2 h3+ 51. Kg3 Rg1+ 52.
Kh2 Rg2+ 53. Kh1 Rf2 54. Bc5 Rf1+ 55. Kh2 Kf5 0-1

[Event "C.to Sociale Alfieri"]
[Site "Torino ITA"]
[Date "2009.10.11"]
[Round "2"]
[White "Leoni, Alessandro"]
[Black "Finocchiaro, Gianluca"]
[Result "0-1"]
[WhiteElo "1876"]
[BlackElo "2088"]
[PlyCount "50"]
[EventDate "2009.10.10"]

1. e4 d5 2. exd5 Qxd5 3. Nc3 Qa5 4. d4 Nf6 5. Nf3 c6 6. Bc4 Bf5 7. Bd2 e6 8.
Qe2 Bb4 9. O-O-O Nbd7 10. a3 Nb6 11. axb4 Qa1+ 12. Nb1 Na4 13. Bc3 Ne4 14. Rd3
a5 15. b5 Nexc3 16. Rxc3 Qxb2+ 17. Kd2 Nxc3 18. Nxc3 Qxc2+ 19. Ke3 Qxc3+ 20.
Kf4 g5+ 21. Kxg5 Rg8+ 22. Kh4 Rg4+ 23. Kh5 Re4 24. Qa2 Bg4+ 25. Kh6 Bxf3 0-1

[Event "C.to Sociale Alfieri"]
[Site "Torino ITA"]
[Date "2009.10.11"]
[Round "2"]
[White "Moncelli, Giorgio"]
[Black "Faraoni, Enrico"]
[Result "1/2-1/2"]
[WhiteElo "2071"]
[BlackElo "2088"]
[PlyCount "50"]
[EventDate "2009.10.10"]

1. d4 Nf6 2. c4 g6 3. Nc3 Bg7 4. e4 d6 5. f3 O-O 6. Bg5 Nbd7 7. Qd2 e5 8. d5 a6
9. Nh3 Qe8 10. Bh6 Nc5 11. Nf2 Nh5 12. Bxg7 Kxg7 13. g3 Bd7 14. Be2 a5 15. O-O
f5 16. Rae1 f4 17. g4 Nf6 18. h4 h5 19. g5 Nh7 20. Kh2 Qe7 21. Rg1 b6 22. Bf1
Nb7 23. Bh3 Rf7 24. Bxd7 Qxd7 25. b3 Nc5 1/2-1/2

[Event "C.to Sociale Alfieri"]
[Site "Torino ITA"]
[Date "2009.10.11"]
[Round "2"]
[White "Sarno, Spartaco"]
[Black "Ranieri, Fabrizio"]
[Result "1/2-1/2"]
[WhiteElo "2324"]
[BlackElo "2264"]
[PlyCount "48"]
[EventDate "2009.10.10"]

1. c4 e6 2. Nf3 d5 3. d4 c6 4. Nc3 Nf6 5. cxd5 exd5 6. Bg5 Nbd7 7. e3 Be7 8.
Bd3 O-O 9. Qc2 Re8 10. O-O Nf8 11. Rab1 Ng6 12. b4 a6 13. a4 Bd6 14. Rfc1 Bg4
15. Nd2 Bd7 16. Nf1 b5 17. a5 Qe7 18. Na2 Qe6 19. Bxf6 Qxf6 20. Ng3 Rac8 21.
Rb3 Nf8 22. Rd1 g6 23. Nc1 Ne6 24. Be2 h5 1/2-1/2

[Event "C.to Sociale Alfieri"]
[Site "Torino ITA"]
[Date "2009.10.11"]
[Round "2"]
[White "Zunino, Davide"]
[Black "Sorcinelli, Francesco"]
[Result "0-1"]
[WhiteElo "2003"]
[BlackElo "2187"]
[PlyCount "232"]
[EventDate "2009.10.10"]

1. d4 f5 2. Nc3 Nf6 3. Bg5 d5 4. Bxf6 exf6 5. e3 Be6 6. Qf3 Qd7 7. Bb5 c6 8.
Bd3 Bb4 9. Nge2 g6 10. a3 Bd6 11. Nf4 Bf7 12. h3 Na6 13. g4 fxg4 14. hxg4 O-O-O
15. O-O-O Nc7 16. Rdg1 Kb8 17. Kb1 Ne6 18. Nxe6 Qxe6 19. Rh3 h5 20. gxh5 Rxh5
21. Rxh5 gxh5 22. Bf5 Qe7 23. Ne2 Rh8 24. Bh3 h4 25. Nf4 Qe8 26. Rg7 Rg8 27.
Rxg8 Qxg8 28. Ng2 Qg5 29. Qg4 Qxg4 30. Bxg4 Bh2 31. Nxh4 Bg1 32. Ng2 Bxf2 33.
Kc1 Bg6 34. Kd2 Be4 35. Nf4 b6 36. Be2 Bf5 37. Bd3 Bd7 38. Nh5 Bh4 39. Nf4 Kc7
40. c4 dxc4 41. Bxc4 Kd6 42. Kd3 a5 43. Ne2 f5 44. e4 fxe4+ 45. Kxe4 Bf6 46.
Nf4 a4 47. Nd3 Be8 48. b3 Bg6+ 49. Ke3 b5 50. Bg8 Bg5+ 51. Ke2 Bh5+ 52. Kf2 Bd1
53. bxa4 bxa4 54. Nc5 Bc1 55. Ke1 Bc2 56. Bf7 Be3 57. Ke2 Bxd4 58. Kd2 Bf5 59.
Nxa4 Kc7 60. Nc3 Kb6 61. Bc4 Kc5 62. Bb3 Bf6 63. Ne2 Bb2 64. a4 Kb4 65. Bc2 Bc8
66. Nf4 Bc3+ 67. Kc1 Bf6 68. Nd3+ Kc3 69. Nf2 Be7 70. Ne4+ Kd4 71. Nf2 c5 72.
Kb1 c4 73. Nd1 Ba6 74. Nf2 Ke3 75. Nd1+ Kd2 76. Nf2 Bb7 77. Ne4+ Ke3 78. Nc3
Bf3 79. Nb5 Bb4 80. Kb2 Kd2 81. Kb1 Bc6 82. Nd4 Bd5 83. Bg6 c3 84. Bh7 Bc4 85.
Nc2 Bc5 86. Bg6 Bb6 87. Bf5 Bb3 88. Na3 Bc5 89. Bc2 Bd5 90. Nb5 Bc4 91. Bf5 Bb3
92. a5 c2+ 93. Bxc2 Bxc2+ 94. Kb2 Ba4 95. Nc7 Bc6 96. Kb3 Kd3 97. Kb2 Kc4 98.
Ne6 Bb4 99. Nd8 Bb5 100. Nf7 Kd5 101. Ng5 Bxa5 102. Kb3 Bd2 103. Nh3 Ke5 104.
Ng5 Be2 105. Nf7+ Ke6 106. Nd8+ Ke7 107. Nb7 Ke6 108. Nd8+ Kd7 109. Nb7 Kc6
110. Nd8+ Kd5 111. Nb7 Ba6 112. Nd8 Bg5 113. Nf7 Bf4 114. Nd8 Kd6 115. Kc3 Kd7
116. Nf7 Ke7 0-1

[Event "C.to Sociale Alfieri"]
[Site "Torino ITA"]
[Date "2009.10.11"]
[Round "3"]
[White "Faraoni, Enrico"]
[Black "Giacomasso, Enrico"]
[Result "1-0"]
[WhiteElo "2088"]
[BlackElo "2012"]
[PlyCount "85"]
[EventDate "2009.10.10"]

1. e4 c5 2. Nf3 d6 3. Bb5+ Bd7 4. a4 Nc6 5. O-O e5 6. c3 Nf6 7. d4 Qc7 8. Na3
a6 9. Bd3 Bg4 10. d5 Ne7 11. Nc4 Ng6 12. h3 Bxf3 13. Qxf3 Be7 14. a5 O-O 15.
Ra3 Rad8 16. Rb3 Nh4 17. Qe2 Ng6 18. g3 Nd7 19. Kh2 Rde8 20. Qh5 Nf6 21. Qf5
Rb8 22. Qf3 Nd7 23. h4 b5 24. axb6 Nxb6 25. h5 Nh8 26. Ra3 Nxc4 27. Bxc4 a5 28.
Qg4 g6 29. Qe2 f6 30. Bh6 Rfd8 31. Be3 g5 32. Rfa1 Ra8 33. Bb5 Bf8 34. c4 Nf7
35. Bd2 Rdb8 36. Qg4 Nh6 37. Qe6+ Qf7 38. Rxa5 Rxa5 39. Rxa5 Kg7 40. Qxf7+ Nxf7
41. Ra7 Kg8 42. Ba4 g4 43. Bd7 1-0

[Event "C.to Sociale Alfieri"]
[Site "Torino ITA"]
[Date "2009.10.11"]
[Round "3"]
[White "Ranieri, Fabrizio"]
[Black "Leoni, Alessandro"]
[Result "1-0"]
[WhiteElo "2264"]
[BlackElo "1876"]
[PlyCount "91"]
[EventDate "2009.10.10"]

1. e4 c5 2. Nf3 a6 3. d4 cxd4 4. Nxd4 e5 5. Nf3 h6 6. Nc3 Nc6 7. Bc4 Nf6 8. O-O
Bc5 9. a3 O-O 10. b4 Bd4 11. Nxd4 exd4 12. Ne2 Nxe4 13. Nxd4 Ne5 14. Bb3 d5 15.
Bf4 Nc4 16. Qd3 Nb2 17. Qe3 Re8 18. Rfe1 Nc4 19. Qf3 Ncd2 20. Bxd2 Nxd2 21.
Qxd5 Nxb3 22. Rxe8+ Qxe8 23. Qxb3 Qe5 24. Qe3 Qxe3 25. fxe3 Be6 26. Nxe6 fxe6
27. c4 Rd8 28. Kf2 Kf7 29. Ke2 e5 30. Rd1 Re8 31. Rd7+ Kf6 32. c5 Rb8 33. Kf3
Ke6 34. Rxg7 Kd5 35. Rh7 Rf8+ 36. Ke2 b6 37. cxb6 Rf6 38. b7 Rb6 39. Rxh6 Rxb7
40. Rxa6 Kc4 41. h4 Rh7 42. g3 e4 43. Rc6+ Kd5 44. Rc5+ Kd6 45. h5 Ra7 46. Ra5
1-0

[Event "C.to Sociale Alfieri"]
[Site "Torino ITA"]
[Date "2009.10.11"]
[Round "3"]
[White "Sorcinelli, Francesco"]
[Black "Sarno, Spartaco"]
[Result "0-1"]
[WhiteElo "2187"]
[BlackElo "2324"]
[PlyCount "64"]
[EventDate "2009.10.10"]

1. e4 c6 2. d4 d5 3. Nc3 dxe4 4. Nxe4 Bf5 5. Ng3 Bg6 6. N1e2 e6 7. h4 h6 8. Nf4
Bh7 9. Bc4 Nf6 10. Qe2 Bd6 11. O-O Nbd7 12. Bxe6 fxe6 13. Nxe6 Qe7 14. Nxg7+
Kf7 15. Qxe7+ Bxe7 16. N7f5 Bf8 17. Re1 Nh5 18. Nxh6+ Bxh6 19. Nxh5 Bxc2 20.
Ng3 Bg7 21. Bg5 Rae8 22. Rac1 Rxe1+ 23. Rxe1 Re8 24. Rxe8 Kxe8 25. Be3 Bb1 26.
a3 Nb6 27. Nh5 Bh8 28. g4 Nc4 29. g5 c5 30. dxc5 Nxe3 31. fxe3 Bxb2 32. Nf4
Bxa3 0-1

[Event "C.to Sociale Alfieri"]
[Site "Torino ITA"]
[Date "2009.10.11"]
[Round "3"]
[White "Topczewski, Damian"]
[Black "Zunino, Davide"]
[Result "1/2-1/2"]
[WhiteElo "2126"]
[BlackElo "2003"]
[PlyCount "84"]
[EventDate "2009.10.10"]

1. e4 e5 2. Nf3 Nc6 3. Bb5 f5 4. Nc3 fxe4 5. Nxe4 Nf6 6. Qe2 d5 7. Nxf6+ gxf6
8. Nd4 Bd7 9. Qh5+ Ke7 10. Bxc6 bxc6 11. Nf5+ Bxf5 12. Qxf5 Qe8 13. d3 Qg6 14.
Qf3 Kf7 15. Bd2 Bc5 16. g4 Rhe8 17. O-O-O e4 18. dxe4 Rxe4 19. g5 Rc4 20. c3
Ra4 21. Qxf6+ Qxf6 22. gxf6 Kxf6 23. a3 Rg4 24. Rhg1 Rag8 25. Rg3 Bd6 26. Rh3
Rg2 27. Be3 a6 28. Rxh7 Bxh2 29. Rh1 Bd6 30. Kc2 Ke6 31. b4 Rb8 32. Bd4 a5 33.
R7h6+ Ke7 34. Rh8 Rb7 35. Ra8 axb4 36. cxb4 Rb5 37. Ra7 Kd7 38. Kc3 c5 39. bxc5
Bxc5 40. Bxc5 Rxc5+ 41. Kd3 Rc4 42. Ke3 Re4+ 1/2-1/2

[Event "C.to Sociale Alfieri"]
[Site "Torino ITA"]
[Date "2009.10.17"]
[Round "4"]
[White "Giacomasso, Enrico"]
[Black "Finocchiaro, Gianluca"]
[Result "1/2-1/2"]
[WhiteElo "2012"]
[BlackElo "2088"]
[PlyCount "26"]
[EventDate "2009.10.10"]

1. e4 d5 2. exd5 Qxd5 3. Nc3 Qa5 4. d4 Nf6 5. Nf3 c6 6. Bc4 Bf5 7. O-O e6 8.
Re1 Be7 9. h3 Nbd7 10. Qe2 O-O 11. Nh4 Bg6 12. Nxg6 hxg6 13. g4 Bb4 1/2-1/2

[Event "C.to Sociale Alfieri"]
[Site "Torino ITA"]
[Date "2009.10.17"]
[Round "4"]
[White "Leoni, Alessandro"]
[Black "Moncelli, Giorgio"]
[Result "0-1"]
[WhiteElo "1876"]
[BlackElo "2071"]
[PlyCount "28"]
[EventDate "2009.10.10"]

1. e4 e5 2. Nf3 Nc6 3. d4 exd4 4. Bc4 Bc5 5. O-O Nf6 6. e5 d5 7. exf6 dxc4 8.
Re1+ Be6 9. fxg7 Rg8 10. Ng5 Qd5 11. Rxe6+ fxe6 12. Qh5+ Kd7 13. Qf7+ Be7 14.
Nxh7 Qe5 0-1

[Event "C.to Sociale Alfieri"]
[Site "Torino ITA"]
[Date "2009.10.17"]
[Round "4"]
[White "Ranieri, Fabrizio"]
[Black "Sorcinelli, Francesco"]
[Result "1-0"]
[WhiteElo "2264"]
[BlackElo "2187"]
[PlyCount "87"]
[EventDate "2009.10.10"]

1. e4 c5 2. Nf3 d6 3. d4 cxd4 4. Nxd4 Nf6 5. Nc3 g6 6. Bg5 Bg7 7. Bb5+ Bd7 8.
Qe2 O-O 9. O-O-O Nc6 10. Bxc6 bxc6 11. e5 dxe5 12. Nxc6 Qe8 13. Nxe5 Be6 14.
Rhe1 Qc8 15. Qf3 Qa6 16. Qc6 Qa5 17. Qa4 Qxa4 18. Nxa4 Rfc8 19. b3 Bf5 20. Nd3
Ne4 21. g4 Nxg5 22. gxf5 Nf3 23. Rxe7 Bf6 24. Rb7 Nxh2 25. fxg6 hxg6 26. Nac5
a5 27. a4 Nf3 28. Ne4 Bg7 29. Nd6 Rc6 30. Nc4 Rac8 31. Rb5 Nd4 32. Rxa5 Rxc4
33. bxc4 Ne2+ 34. Kd2 Re8 35. Re5 Bxe5 36. Nxe5 Rxe5 37. Re1 Nd4 38. Rxe5 Nf3+
39. Ke3 Nxe5 40. Kd4 f6 41. Kd5 Kf7 42. a5 Ke7 43. a6 Nd7 44. c5 1-0

[Event "C.to Sociale Alfieri"]
[Site "Torino ITA"]
[Date "2009.10.17"]
[Round "4"]
[White "Sarno, Spartaco"]
[Black "Topczewski, Damian"]
[Result "1-0"]
[WhiteElo "2324"]
[BlackElo "2126"]
[PlyCount "103"]
[EventDate "2009.10.10"]

1. c4 e5 2. Nc3 Nf6 3. Nf3 Nc6 4. g3 d5 5. cxd5 Nxd5 6. Bg2 Nb6 7. O-O Be7 8.
Rb1 a5 9. b3 O-O 10. Bb2 Be6 11. d3 f6 12. Nd2 Qd7 13. Nc4 Nd5 14. Qd2 Bb4 15.
a3 Nxc3 16. Bxc3 Bxc3 17. Qxc3 Nd4 18. Rfe1 Bd5 19. Bxd5+ Qxd5 20. Ne3 Qf7 21.
Nc2 Rfd8 22. Nxd4 Rxd4 23. Rec1 c6 24. b4 axb4 25. axb4 Rd5 26. Ra1 Rxa1 27.
Rxa1 h6 28. Ra8+ Kh7 29. Qc4 Qd7 30. h4 h5 31. Qe4+ g6 32. Qc4 Qe7 33. e4 Rd8
34. Rxd8 Qxd8 35. Qf7+ Kh6 36. Qxb7 Qxd3 37. Qxc6 Qb1+ 38. Kh2 Qxb4 39. Qxf6
Qb8 40. f4 Qb2+ 41. Kh3 Kh7 42. f5 Qe2 43. fxg6+ Kh6 44. g7+ Kh7 45. Qf4 Kxg7
46. Qxe5+ Kh6 47. Qf4+ Kh7 48. g4 Qd3+ 49. Kg2 Qe2+ 50. Kg3 hxg4 51. Qf5+ Kh8
52. Qh5+ 1-0

[Event "C.to Sociale Alfieri"]
[Site "Torino ITA"]
[Date "2009.10.17"]
[Round "4"]
[White "Zunino, Davide"]
[Black "Faraoni, Enrico"]
[Result "1-0"]
[WhiteElo "2003"]
[BlackElo "2088"]
[PlyCount "87"]
[EventDate "2009.10.10"]

1. d4 g6 2. e4 Bg7 3. Nc3 d6 4. f4 Nf6 5. a3 O-O 6. Nf3 Bg4 7. h3 Bxf3 8. Qxf3
Nc6 9. Be3 Nd7 10. Qf2 e5 11. dxe5 dxe5 12. f5 gxf5 13. exf5 e4 14. Be2 Bxc3+
15. bxc3 f6 16. Bh6 Qe7 17. Bxf8 Rxf8 18. O-O Kh8 19. Bc4 e3 20. Qe2 Qc5 21.
Be6 Nde5 22. Rae1 Qxc3 23. Qxe3 Qxe3+ 24. Rxe3 Rd8 25. c3 h6 26. Rf4 Rd1+ 27.
Kh2 Ra1 28. a4 Kg7 29. Rg3+ Kf8 30. Rh4 Ke7 31. Rg7+ Kd6 32. Rxh6 Ra3 33. Rxf6
Kc5 34. Rxc7 Kb6 35. Rg7 Rxc3 36. Bc8 Ka5 37. Bxb7 Nd4 38. Be4 Ne2 39. Rxa7+
Kb4 40. Rb6+ Ka3 41. Rg7 Rc4 42. Bb7 Rc2 43. Re7 Nd3 44. Rxe2 1-0

[Event "C.to Sociale Alfieri"]
[Site "Torino ITA"]
[Date "2009.10.25"]
[Round "5"]
[White "Faraoni, Enrico"]
[Black "Sarno, Spartaco"]
[Result "0-1"]
[WhiteElo "2088"]
[BlackElo "2324"]
[PlyCount "62"]
[EventDate "2009.10.10"]

1. e4 d6 2. d4 Nf6 3. Nc3 g6 4. f4 Bg7 5. a3 O-O 6. Nf3 c5 7. dxc5 Qa5 8. Bd3
Qxc5 9. Qe2 Nbd7 10. Be3 Qc7 11. O-O a6 12. Qe1 b5 13. Qh4 Bb7 14. Rae1 e5 15.
f5 gxf5 16. Qg5 f4 17. Nh4 h6 18. Qf5 Nc5 19. Qh3 Bc8 20. Nf5 Bxf5 21. Qxf5
Nxd3 22. cxd3 Qc8 23. Qxc8 Raxc8 24. Bd2 Rfd8 25. g3 fxg3 26. Bxh6 gxh2+ 27.
Kh1 Bxh6 28. Rxf6 Bd2 29. Re2 Bxc3 30. Rg2+ Kf8 31. bxc3 Rxc3 0-1

[Event "C.to Sociale Alfieri"]
[Site "Torino ITA"]
[Date "2009.10.25"]
[Round "5"]
[White "Finocchiaro, Gianluca"]
[Black "Zunino, Davide"]
[Result "1/2-1/2"]
[WhiteElo "2088"]
[BlackElo "2003"]
[PlyCount "21"]
[EventDate "2009.10.10"]

1. e4 e5 2. Qh5 Nc6 3. Bc4 g6 4. Qf3 Nf6 5. Ne2 Bg7 6. h3 d6 7. O-O O-O 8. a3
Be6 9. Bxe6 fxe6 10. Qb3 Nxe4 11. Qxe6+ 1/2-1/2

[Event "C.to Sociale Alfieri"]
[Site "Torino ITA"]
[Date "2009.10.25"]
[Round "5"]
[White "Moncelli, Giorgio"]
[Black "Giacomasso, Enrico"]
[Result "1-0"]
[WhiteElo "2071"]
[BlackElo "2012"]
[PlyCount "117"]
[EventDate "2009.10.10"]

1. d4 Nf6 2. c4 e6 3. Nc3 Bb4 4. Qc2 c5 5. dxc5 O-O 6. Bf4 Bxc5 7. Nf3 Nc6 8.
Rd1 a6 9. e3 h6 10. h3 Qe7 11. a3 a5 12. Be2 d6 13. O-O Bd7 14. Na4 e5 15. Bh2
Ba7 16. Nc3 Rac8 17. Qd2 Bb8 18. Nd5 Qd8 19. Nxf6+ Qxf6 20. c5 Bf5 21. cxd6
Rfd8 22. Bb5 Rxd6 23. Qe2 Rxd1 24. Rxd1 e4 25. Bxc6 Bxh2+ 26. Nxh2 Qxc6 27. Nf1
Be6 28. Ng3 Bb3 29. Rd4 Re8 30. Qg4 Bc2 31. Nf5 Qf6 32. Nd6 Rb8 33. Qd7 Bd3 34.
Qc7 Rf8 35. Nxb7 Qg5 36. Qxa5 Qe7 37. Qb6 Rc8 38. Rd8+ Rxd8 39. Qxd8+ Qxd8 40.
Nxd8 Bc4 41. Nb7 Kf8 42. Nc5 Bd5 43. Kf1 Ke7 44. Ke2 Bc4+ 45. Kd2 f5 46. h4 g5
47. hxg5 hxg5 48. g3 Kd6 49. b4 Kc6 50. Kc3 Kd5 51. Nb3 Bb5 52. Nd4 Bd7 53. Kb3
f4 54. gxf4 gxf4 55. a4 Bg4 56. a5 fxe3 57. fxe3 Bc8 58. Nb5 Bf5 59. a6 1-0

[Event "C.to Sociale Alfieri"]
[Site "Torino ITA"]
[Date "2009.10.25"]
[Round "5"]
[White "Sorcinelli, Francesco"]
[Black "Leoni, Alessandro"]
[Result "1-0"]
[WhiteElo "2187"]
[BlackElo "1876"]
[PlyCount "55"]
[EventDate "2009.10.10"]

1. e4 e5 2. d4 exd4 3. Qxd4 Nc6 4. Qe3 Nf6 5. Nc3 Bb4 6. Bd2 O-O 7. O-O-O Re8
8. Qg3 d6 9. Bd3 Ne5 10. f4 Nh5 11. Qf2 Bc5 12. Qe2 Ng4 13. Nh3 c6 14. Qf3 Qh4
15. e5 dxe5 16. Ne4 Nxh2 17. Rxh2 Bg4 18. Qxg4 Qxg4 19. Nxc5 exf4 20. Nf2 Qg3
21. Rxh5 Qxf2 22. Bxh7+ Kf8 23. Nd7+ Ke7 24. Bb4+ Kd8 25. Ne5+ Kc7 26. Bd6+ Kb6
27. Nc4+ Ka6 28. Ra5# 1-0

[Event "C.to Sociale Alfieri"]
[Site "Torino ITA"]
[Date "2009.10.25"]
[Round "5"]
[White "Topczewski, Damian"]
[Black "Ranieri, Fabrizio"]
[Result "1-0"]
[WhiteElo "2126"]
[BlackElo "2264"]
[PlyCount "100"]
[EventDate "2009.10.10"]

1. e4 e6 2. d4 d5 3. Nd2 Nf6 4. e5 Nfd7 5. Bd3 c5 6. c3 Nc6 7. Ne2 cxd4 8. cxd4
f6 9. exf6 Nxf6 10. O-O Bd6 11. Nf3 O-O 12. Bf4 Bxf4 13. Nxf4 Ne4 14. Nh5 Bd7
15. Ng3 Nxg3 16. hxg3 Qf6 17. Bb5 Rac8 18. Rc1 Be8 19. Bxc6 bxc6 20. Qd2 Qf5
21. Qg5 Bh5 22. Qxf5 Rxf5 23. Ne5 Be8 24. Rc5 Rb8 25. b3 Rb6 26. Rfc1 Rb4 27.
Rd1 Rb6 28. Ra5 a6 29. Kf1 Kf8 30. Ke2 Ke7 31. Ke3 Kd6 32. Rh1 Rh5 33. Rxh5
Bxh5 34. Nd3 Be8 35. Nc5 e5 36. dxe5+ Kxe5 37. Rxa6 d4+ 38. Kd2 Rxa6 39. Nxa6
Kd6 40. Nb4 c5 41. Nd3 g5 42. g4 Bf7 43. Nb2 Ke5 44. Nd3+ Kd6 45. Nb2 Ke5 46.
Nc4+ Kf4 47. g3+ Kxg4 48. Ne5+ Kf5 49. Nxf7 h5 50. Nxg5 Kxg5 1-0

[Event "C.to Sociale Alfieri"]
[Site "Torino ITA"]
[Date "2009.10.25"]
[Round "6"]
[White "Leoni, Alessandro"]
[Black "Giacomasso, Enrico"]
[Result "1-0"]
[WhiteElo "1876"]
[BlackElo "2012"]
[PlyCount "61"]
[EventDate "2009.10.10"]

1. e4 c5 2. d4 cxd4 3. c3 d3 4. Bxd3 Nc6 5. Nf3 d6 6. O-O Nf6 7. c4 g6 8. Nc3
Bg7 9. Bg5 O-O 10. Qd2 Bg4 11. Be2 Rc8 12. Rac1 Re8 13. b3 Qa5 14. Be3 a6 15.
h3 Bd7 16. Rfd1 h5 17. Bh6 Rcd8 18. Bxg7 Kxg7 19. Qe3 Ne5 20. Nxe5 Qxe5 21. f4
Qc5 22. Qxc5 dxc5 23. e5 Ng8 24. Bf3 Bc8 25. Na4 Rd4 26. Nxc5 Rxf4 27. Bxb7
Bxb7 28. Nxb7 Re4 29. c5 Rxe5 30. c6 Rc8 31. c7 1-0

[Event "C.to Sociale Alfieri"]
[Site "Torino ITA"]
[Date "2009.10.25"]
[Round "6"]
[White "Ranieri, Fabrizio"]
[Black "Faraoni, Enrico"]
[Result "1-0"]
[WhiteElo "2264"]
[BlackElo "2088"]
[PlyCount "81"]
[EventDate "2009.10.10"]

1. e4 c5 2. Nf3 Nc6 3. d4 cxd4 4. Nxd4 e5 5. Nf3 Nf6 6. Nc3 Bb4 7. Bc4 O-O 8.
O-O Bxc3 9. bxc3 Qa5 10. Qd3 d5 11. Bxd5 Bg4 12. Bg5 Nxd5 13. exd5 Rae8 14. Nd2
e4 15. Qg3 h5 16. Bf4 Qxd5 17. h3 Bf5 18. Nb3 e3 19. Bxe3 Re6 20. Rad1 Qc4 21.
Qf4 Qxf4 22. Bxf4 g5 23. Be3 g4 24. hxg4 Bxg4 25. Rd5 Rg6 26. f3 Re8 27. Bd4
Bh3 28. Rf2 h4 29. Rh5 Nxd4 30. cxd4 a5 31. Rxh4 Re1+ 32. Kh2 Be6 33. Nxa5 Bxa2
34. Nxb7 Bb1 35. c4 Bd3 36. c5 Rd1 37. Nd6 Ba6 38. Nf5 Re6 39. Ra2 f6 40. c6
Bc8 41. Ra8 1-0

[Event "C.to Sociale Alfieri"]
[Site "Torino ITA"]
[Date "2009.10.25"]
[Round "6"]
[White "Sarno, Spartaco"]
[Black "Finocchiaro, Gianluca"]
[Result "1-0"]
[WhiteElo "2324"]
[BlackElo "2088"]
[PlyCount "49"]
[EventDate "2009.10.10"]

1. Nf3 d5 2. c4 dxc4 3. Na3 Nf6 4. Nxc4 e6 5. g3 Be7 6. Bg2 O-O 7. O-O c6 8. b3
Nbd7 9. Bb2 a5 10. a3 Qc7 11. Re1 Re8 12. Qc2 c5 13. d4 b5 14. Nce5 Bb7 15.
dxc5 Bxf3 16. Nxd7 Bxg2 17. Nxf6+ Bxf6 18. Kxg2 Be7 19. Qe4 Rec8 20. Rad1 b4
21. axb4 axb4 22. c6 Rd8 23. Be5 Qc8 24. Rxd8+ Bxd8 25. Qxb4 1-0

[Event "C.to Sociale Alfieri"]
[Site "Torino ITA"]
[Date "2009.10.25"]
[Round "6"]
[White "Sorcinelli, Francesco"]
[Black "Topczewski, Damian"]
[Result "1/2-1/2"]
[WhiteElo "2187"]
[BlackElo "2126"]
[PlyCount "53"]
[EventDate "2009.10.10"]

1. e4 c5 2. Nc3 g6 3. g3 Bg7 4. Bg2 Nc6 5. d3 d6 6. Be3 Nf6 7. h3 Rb8 8. Nge2
b5 9. Qd2 b4 10. Nd1 e5 11. O-O h6 12. f4 Nd4 13. c3 Nxe2+ 14. Qxe2 Nh5 15. Qf2
O-O 16. f5 Nf6 17. c4 Nh7 18. g4 g5 19. Bd2 Bb7 20. Ne3 a5 21. Bf3 Bf6 22. Bd1
Bc6 23. Qe2 Kg7 24. Bc2 Rh8 25. Qd1 Qd7 26. Rf2 Qe8 27. Nf1 1/2-1/2

[Event "C.to Sociale Alfieri"]
[Site "Torino ITA"]
[Date "2009.10.25"]
[Round "6"]
[White "Zunino, Davide"]
[Black "Moncelli, Giorgio"]
[Result "1/2-1/2"]
[WhiteElo "2003"]
[BlackElo "2071"]
[PlyCount "76"]
[EventDate "2009.10.10"]

1. d4 d5 2. Nc3 Nf6 3. e4 dxe4 4. f3 exf3 5. Nxf3 Bg4 6. h3 Bxf3 7. Qxf3 c6 8.
Qf2 e6 9. Bd3 Bd6 10. O-O Qe7 11. a3 Nbd7 12. b4 Bc7 13. Ne2 Bb6 14. c4 Ne5 15.
Qg3 Nxd3 16. Qxg7 Rg8 17. Qxf6 Qxf6 18. Rxf6 Nxc1 19. Rxc1 a5 20. Rcf1 Rg7 21.
c5 Bd8 22. R6f3 axb4 23. axb4 Ra2 24. Nf4 Rd2 25. g4 Rg8 26. Nh5 f5 27. Kh1
Rxd4 28. gxf5 Rg5 29. Nf4 Rxf5 30. Nxe6 Rxf3 31. Rxf3 Rxb4 32. Ng7+ Kd7 33.
Rf7+ Be7 34. Nf5 Ke6 35. Rxe7+ Kxf5 36. Rxh7 Rb2 37. Rh4 Kg5 38. Rg4+ Kf5
1/2-1/2

[Event "C.to Sociale Alfieri"]
[Site "Torino ITA"]
[Date "2009.11.07"]
[Round "7"]
[White "Faraoni, Enrico"]
[Black "Sorcinelli, Francesco"]
[Result "1/2-1/2"]
[WhiteElo "2088"]
[BlackElo "2187"]
[PlyCount "20"]
[EventDate "2009.10.10"]

1. e4 c5 2. Nf3 d6 3. Bb5+ Bd7 4. a4 Nc6 5. O-O Nf6 6. Re1 a6 7. Bf1 Bg4 8. c3
g6 9. d3 Bxf3 10. Qxf3 Bg7 1/2-1/2

[Event "C.to Sociale Alfieri"]
[Site "Torino ITA"]
[Date "2009.11.07"]
[Round "7"]
[White "Finocchiaro, Gianluca"]
[Black "Ranieri, Fabrizio"]
[Result "0-1"]
[WhiteElo "2088"]
[BlackElo "2264"]
[PlyCount "62"]
[EventDate "2009.10.10"]

1. e4 e6 2. d4 d5 3. c4 dxe4 4. Nc3 Nf6 5. f3 exf3 6. Nxf3 Be7 7. Bd3 b6 8. O-O
Bb7 9. Kh1 Nbd7 10. Qe1 O-O 11. Qh4 Re8 12. Bg5 Nf8 13. Ne5 Ng6 14. Bxg6 hxg6
15. Rad1 Nh7 16. Bxe7 Qxe7 17. Qf4 Nf6 18. Rd3 Rf8 19. Qh4 Ne4 20. Qh3 Nxc3 21.
Rxc3 Rad8 22. Rf4 Qg5 23. Qg3 Qxe5 24. Rcf3 Qa5 25. a3 Qa4 26. b4 Qc2 27. h4 e5
28. Rf2 Qxc4 29. h5 Qc1+ 30. Kh2 Rxd4 31. Rxd4 exd4 0-1